[Event "Catalunya Valles West-ch U08"]
[Site "Catalunya"]
[Date "2013.02.23"]
[Round "5.1"]
[White "Alvarez Zapata, Andres"]
[Black "Cruz Godoy, Alex"]
[Result "0-1"]
[WhiteElo "1700"]
[BlackElo "1700"]
[PlyCount "72"]
[EventDate "2013.01.26"]
[EventType "swiss"]
[EventRounds "6"]
[EventCountry "ESP"]
[SourceTitle "EXT 2024"]
[Source "ChessBase"]
[SourceDate "2023.10.10"]
[SourceVersion "1"]
[SourceVersionDate "2023.10.10"]
[SourceQuality "1"]

1. e4 e5 2. Nf3 Nc6 3. Be2 Nf6 4. 0-0 Nxe4 5. d3 Nf6 6. Bg5 Bc5 7. Nc3 h6 8. Bd2 0-0 9. Nb5 d6 10. b4 Bd4 11. c3 e4 12. dxe4 Nxe4 13. Bc1 Be5 14. a4 Nxc3 15. Nxc3 Bxc3 16. Ra3 Bxb4 17. Rb3 Bf5 18. Bb5 Bc5 19. Nh4 Be4 20. g3 Nd4 21. Rb2 Nxb5 22. axb5 Bd4 23. Qxd4 d5 24. Re1 Qe8 25. Bf4 c6 26. Bd6 cxb5 27. Bxf8 Qxf8 28. Rxb5 Qe8 29. Rxb7 Qc6 30. Re7 Qd6 31. Rb7 Rc8 32. Ra1 Qe6 33. Raxa7 Qh3 34. Rc7 Rxc7 35. Ra8+ Kh7 36. Qb6 Rc1# 0-1